Cuentos de humor (Registro nro. 7940)
[ vista simple ]
| 000 -CABECERA | |
|---|---|
| Longitud fija campo de control | 01938nam a2200433 i 4500 |
| 005 - • FECHA Y HORA DE LA ÚLTIMA TRANSACCIÓN | |
| Fecha y hora de la última transacción | 20220317001737.0 |
| 007 - • CAMPO FIJO DE DESCRIPCIÓN FÍSICA | |
| Campo fijo de descripción física | ta |
| 008 - • CÓDIGOS DE INFORMACIÓN DE LONGITUD FIJA | |
| Códigos de información de longitud fija | 210806s20142019ck a dr 000 jdspa d |
| 020 ## - • NÚMERO INTERNACIONAL NORMALIZADO PARA LIBROS | |
| Número Internacional Normalizado para Libros (ISBN) | 9789583043475 |
| 040 ## - FUENTE DE LA CATALOGACIÓN | |
| Centro catalogador de origen | CO-BoRNBP |
| Lengua de catalogación | spa |
| Normas de descripción | rda |
| Centro transcriptor | CO-BoRNBP |
| 041 0# - • CÓDIGO DE LENGUA | |
| Código de lengua del texto/banda sonora o título independiente | spa |
| 084 ## - • Clasificación Local Alfanúmerica PNLB | |
| Número de clasificación | C CUE27 |
| 245 00 - • TITULO PROPIAMENTE DICHO | |
| Título | Cuentos de humor |
| Mención de responsabilidad, etc. | selección de Guido L. Tamayo S. ; ilustraciones Henry González |
| 250 ## - • MENCIÓN DE EDICIÓN | |
| Mención de edición | Segunda edición |
| Resto de la mención de edición | Primera reimpresión |
| 264 #1 - PRODUCCIÓN, PUBLICACIÓN , DISTRIBUCIÓN, FABRICACIÓN Y COPYRIGHT | |
| Lugar de producción, publicación, distribución, fabricación | Bogotá |
| Nombre del productor, editor, distribuidor, fabricante | Panamericana |
| Fecha de de producción, publicación, distribución, fabricación o copyright | 2014 |
| -- | 2019 |
| 300 ## - • DESCRIPCIÓN FÍSICA | |
| Extensión | 126 páginas |
| Otras características físicas | ilustraciones |
| Dimensiones | 21 cm |
| 336 ## - TIPO DE CONTENIDO | |
| Término de tipo de contenido | texto |
| Código de tipo de contenido | txt |
| Fuente | rdacontent |
| 337 ## - TIPO DE MEDIO | |
| Nombre del tipo de medio | sin mediación |
| Código del tipo de medio | n |
| Fuente | rdamedia |
| 338 ## - TIPO DE SOPORTE | |
| Nombre del tipo de soporte | volumen |
| Código del tipo de soporte | nc |
| Fuente | rdacarrier |
| 490 ## - • MENCIÓN DE SERIE | |
| Mención de serie | El pozo y el péndulo |
| 505 00 - • NOTA DE CONTENIDO CON FORMATO | |
| Título (R ) | El camaleón |
| Mención de responsabilidad (R ) | Anton Chejov |
| Título (R ) | Un curioso sueño |
| Mención de responsabilidad (R ) | Mark Twain |
| Título (R ) | Tobermory |
| Mención de responsabilidad (R ) | Saki |
| Título (R ) | Una tumba sin fondo |
| Mención de responsabilidad (R ) | Ambrose Bierce |
| Título (R ) | Pulpos |
| Mención de responsabilidad (R ) | Juan Carlos Rodríguez |
| Título (R ) | La carne |
| Mención de responsabilidad (R ) | Virgilio Piñera |
| Título (R ) | Anuncio |
| Mención de responsabilidad (R ) | Juan José Arreola |
| Título (R ) | Míster Taylor |
| Mención de responsabilidad (R ) | Augusto Monterroso |
| Título (R ) | Petición de mano |
| Mención de responsabilidad (R ) | Salvador Garmendia |
| 521 ## - • NOTA DE PÚBLICO DESTINATARIO | |
| Nota público destinatario (R ) | Recomendado para un público mayor de 15 años |
| 545 ## - DATOS BIOGRÁFICOS O HISTÓRICOS | |
| Datos bigr´ficos o históricos | Incluye datos biográficos de los autores al inicio de cada cuento |
| 650 17 - • PUNTO DE ACCESO ADICIONAL DE MATERIA - TÉRMINO DE MATERIA | |
| Término de materia o nombre geográfico como elemento inicial | Cuentos colombianos |
| Fuente del encabezamiento o término | ARMARC |
| 650 17 - • PUNTO DE ACCESO ADICIONAL DE MATERIA - TÉRMINO DE MATERIA | |
| Término de materia o nombre geográfico como elemento inicial | Literatura colombiana |
| Fuente del encabezamiento o término | ARMARC |
| 650 17 - • PUNTO DE ACCESO ADICIONAL DE MATERIA - TÉRMINO DE MATERIA | |
| Término de materia o nombre geográfico como elemento inicial | Humor |
| Subdivisión de forma | Cuentos |
| Fuente del encabezamiento o término | ARMARC |
| 700 1# - • PUNTO DE ACCESO ADICIONAL - NOMBRE DE PERSONA | |
| Nombre de persona | Tamayo Sánchez, Guido Leonardo |
| Fechas asociadas al nombre | 1955- |
| Término indicativo de función | compilador |
| 700 1# - • PUNTO DE ACCESO ADICIONAL - NOMBRE DE PERSONA | |
| Nombre de persona | González, Henry |
| Término indicativo de función | ilustrador |
| 700 1# - • PUNTO DE ACCESO ADICIONAL - NOMBRE DE PERSONA | |
| Nombre de persona | Chejov, Anton, |
| Fechas asociadas al nombre | 1860-1904 |
| Término indicativo de función | autor |
| 700 1# - • PUNTO DE ACCESO ADICIONAL - NOMBRE DE PERSONA | |
| Nombre de persona | Twain, Mark, |
| Fechas asociadas al nombre | 1835-1910 |
| Término indicativo de función | autor |
| 700 1# - • PUNTO DE ACCESO ADICIONAL - NOMBRE DE PERSONA | |
| Nombre de persona | Saki, |
| Fechas asociadas al nombre | 1870-1916 |
| Término indicativo de función | autor |
| 700 1# - • PUNTO DE ACCESO ADICIONAL - NOMBRE DE PERSONA | |
| Nombre de persona | Bierce, Ambrose, |
| Fechas asociadas al nombre | 1842-1914 |
| Término indicativo de función | autor |
| 700 1# - • PUNTO DE ACCESO ADICIONAL - NOMBRE DE PERSONA | |
| Nombre de persona | Rodríguez, Juan Carlos, |
| Fechas asociadas al nombre | 1971- |
| Término indicativo de función | autor |
| 700 1# - • PUNTO DE ACCESO ADICIONAL - NOMBRE DE PERSONA | |
| Nombre de persona | Piñera, Virgilio, |
| Fechas asociadas al nombre | 1912-1979 |
| Término indicativo de función | autor |
| 700 1# - • PUNTO DE ACCESO ADICIONAL - NOMBRE DE PERSONA | |
| Nombre de persona | Arreola, Juan José, |
| Fechas asociadas al nombre | 1918- |
| Término indicativo de función | autor |
| 700 1# - • PUNTO DE ACCESO ADICIONAL - NOMBRE DE PERSONA | |
| Nombre de persona | Monterroso, Augusto, |
| Fechas asociadas al nombre | 1921-2003 |
| Término indicativo de función | autor |
| 700 1# - • PUNTO DE ACCESO ADICIONAL - NOMBRE DE PERSONA | |
| Nombre de persona | Garmendia, Salvador , |
| Fechas asociadas al nombre | 1928-2001 |
| Término indicativo de función | autor |
| 942 ## - ENTRADA DE ELEMENTOS AGREGADOS (KOHA) | |
| Fuente de clasificaión o esquema | |
| Koha [por defecto] tipo de item | Libro Literatura |
| Perdido | Fuente de clasificación o esquema | Estado Físico | No para préstamo | Forma de adquisición | Localización permanente | Localización actual | Localización en estanterías | Fecha adquisición | Préstamos totales | Signatura completa | Código de barras | Fecha última consulta | Número de copia | Fecha del precio de reemplazo | Tipo de item de Koha |
|---|---|---|---|---|---|---|---|---|---|---|---|---|---|---|---|
| Dewey Decimal Classification | Colección General | Biblioteca Pública Mapiripan - Jorge Eliecer Gaitán | Biblioteca Pública Mapiripan - Jorge Eliecer Gaitán | Literatura | 01/24/2025 | C CUE27 | MPJG0138 | 01/24/2025 | Ej.1 | 01/24/2025 | Libro Literatura | ||||
| Dewey Decimal Classification | Colección General | Biblioteca Pública Medellin del Ariari - El Castillo | Biblioteca Pública Medellin del Ariari - El Castillo | Literatura | 11/16/2024 | CUE27 | BM0000737 | 11/16/2024 | Ej.1 | 11/16/2024 | Libro Literatura |